LEADER 02027nam 2200529Ia 450 001 9910701122503321 005 20120109104834.0 035 $a(CKB)5470000002415825 035 $a(OCoLC)771916924 035 $a(EXLCZ)995470000002415825 100 $a20120109d2011 ua 0 101 0 $aeng 135 $aurmn||||||||| 181 $ctxt$2rdacontent 182 $cc$2rdamedia 183 $acr$2rdacarrier 200 00$aImplementation of enhanced propulsion control modes for emergency flight operation$b[electronic resource] /$fJeffrey T. Csank ... [and others] ; prepared for the Infotech@Aerospace 2011 Conference sponsored by the American Institute of Aeronautics and Astronautics, St. Louis, Missouri, March 29-31, 2011 210 1$aCleveland, Ohio :$cNational Aeronautics and Space Administration, Glenn Research Center,$d[2011] 215 $a1 online resource (11 pages) $ccolor illustrations 225 1 $aNASA/TM ;$v2011-217038 300 $aTitle from title screen (viewed on Jan. 9, 2012). 300 $a"July 2011." 300 $a"AIAA-2011-1590." 320 $aIncludes bibliographical references (page 11). 606 $aEmergencies$2nasat 606 $aFlight control$2nasat 606 $aFlight operations$2nasat 606 $aAircraft engines$2nasat 606 $aControllers$2nasat 606 $aRisk assessment$2nasat 606 $aPropulsion system performance$2nasat 615 7$aEmergencies. 615 7$aFlight control. 615 7$aFlight operations. 615 7$aAircraft engines. 615 7$aControllers. 615 7$aRisk assessment. 615 7$aPropulsion system performance. 701 $aCsank$b Jeffrey T$01402819 712 02$aNASA Glenn Research Center. 712 12$aInfotech@Aerospace Conference$f(2011 :$eSaint Louis, Mo.) 801 0$bGPO 801 1$bGPO 906 $aBOOK 912 $a9910701122503321 996 $aImplementation of enhanced propulsion control modes for emergency flight operation$93531737 997 $aUNINA LEADER 03195nam 2200781 a 450 001 9910777481103321 005 20231212160311.0 010 $a9786611271268 010 $a1-282-10223-0 010 $a1-281-27126-8 010 $a9786612102233 010 $a0-8144-0979-2 035 $a(CKB)1000000000441333 035 $a(EBL)408790 035 $a(OCoLC)560614897 035 $a(SSID)ssj0000073607 035 $a(PQKBManifestationID)11123357 035 $a(PQKBTitleCode)TC0000073607 035 $a(PQKBWorkID)10118034 035 $a(PQKB)10136065 035 $a(Au-PeEL)EBL408790 035 $a(CaPaEBR)ebr10271826 035 $a(CaONFJC)MIL210223 035 $a(Au-PeEL)EBL5291995 035 $a(CaONFJC)MIL127126 035 $a(OCoLC)233818174 035 $a(CaSebORM)9780814408995 035 $a(MiAaPQ)EBC408790 035 $a(MiAaPQ)EBC5291995 035 $a(EXLCZ)991000000000441333 100 $a20080114d2008 uy 0 101 0 $aeng 135 $aur|n|---||||| 181 $ctxt 182 $cc 183 $acr 200 14$aThe AMA guide to management development$b[electronic resource] /$fDaniel R. Tobin, Margaret S. Pettingell 205 $a1st ed. 210 $aNew York $cAMACOM/American Management Association$dc2008 215 $a1 online resource (337 p.) 300 $aDescription based upon print version of record. 311 $a9780814408895 311 $a0-8144-0899-0 320 $aIncludes bibliographical references and index. 327 $aStarting with the end in mind -- Competence : the ability to do something well -- The AMA management development competency model : knowing and managing yourself -- The AMA management development competency model : knowing and managing others -- The AMA management development competency mode l: knowing and managing the business -- Selecting for competence -- Developing employees -- Management development beyond training -- The role of the manager/employee relationship -- The role of the organizational leadership -- The role of the human resources group -- The role of the training group -- The future of management development -- Appendix : The AMA management development competency model. 330 $aFrom the experts at the American Management Association, an indispensable look at how great organizations can make the most of their managers. 606 $aManagement$xStudy and teaching 606 $aExecutives$xTraining of 606 $aLeadership$xStudy and teaching 606 $aMentoring in business 606 $aCore competencies 606 $aCareer development 615 0$aManagement$xStudy and teaching. 615 0$aExecutives$xTraining of. 615 0$aLeadership$xStudy and teaching. 615 0$aMentoring in business. 615 0$aCore competencies. 615 0$aCareer development. 676 $a658.4/07124 700 $aTobin$b Daniel R.$f1946-$01565170 701 $aPettingell$b Margaret S$01565171 801 0$bMiAaPQ 801 1$bMiAaPQ 801 2$bMiAaPQ 906 $aBOOK 912 $a9910777481103321 996 $aThe AMA guide to management development$93834590 997 $aUNINA LEADER 01719nam 2200409z- 450 001 9910346778903321 005 20210212 010 $a1000047813 035 $a(CKB)4920000000100734 035 $a(oapen)https://directory.doabooks.org/handle/20.500.12854/59244 035 $a(oapen)doab59244 035 $a(EXLCZ)994920000000100734 100 $a20202102d2015 |y 0 101 0 $aeng 135 $aurmn|---annan 181 $ctxt$2rdacontent 182 $cc$2rdamedia 183 $acr$2rdacarrier 200 00$aSeparating the Aerosol Effect in Case of a ""Medicane" 210 $cKIT Scientific Publishing$d2015 215 $a1 online resource (VI, 170 p. p.) 225 1 $aWissenschaftliche Berichte des Instituts für Meteorologie und Klimaforschung des Karlsruher Instituts für Technologie 311 08$a3-7315-0405-7 330 $aThis work addresses the interactions of aerosols, clouds and dynamics in case of a so-called Medicane. This type of cyclone occurs over the Mediterranean Sea, showing similarities to Hurricanes over the Atlantic and Pacific Ocean. Due to the high wind speed of the Medicane, a large amount of sea salt particles is emitted over the sea. This can influence the development of the Medicane, its associated clouds, and precipitation. 606 $aPhysics$2bicssc 610 $aAerosol Effect 610 $aAerosol EffektMeteorology 610 $aExtrem Wetter 610 $aHigh Impact Weather 610 $aMedicane 610 $aMeteorologie 615 7$aPhysics 700 $aKraut$b Isabel$4auth$01295493 906 $aBOOK 912 $a9910346778903321 996 $aSeparating the Aerosol Effect in Case of a ""Medicane"$93023534 997 $aUNINA